000 00493cam a22002171 4500
001 sa 67002853
003 DLC
005 20260227112333.0
008 890510s1966 ii 000 0 hino
010 _asa 67002853
035 _a(OCoLC)19688777
040 _aDLC
_cWaU
_dDLC
042 _apremarc
050 0 0 _aPK2098.B22
_bM3
100 1 _aBaccana,
_d1907-2003.
245 1 0 _aMadhubālā.
260 _c[1966]
300 _a125 p.
_c19 cm.
500 _aIn Hindi.
500 _aPoems.
999 _c73478
_d73478